Confianza y desconfianza: dos factores necesarios para el desarrollo de la confianza social.

সংরক্ষণ করুন:
গ্রন্থ-পঞ্জীর বিবরন
প্রধান লেখক: Yáñez Gallardo, Rodrigo
সংস্থা লেখক: e-libro, Corp
অন্যান্য লেখক: Ahumada Figueroa, Luis, Cova Solar, Félix
বিন্যাস: প্রবন্ধ
ভাষা:স্প্যানিশ
প্রকাশিত: Bogotá (Colombia) : Pontificia Universidad Javeriana, 2006.
বিষয়গুলি:
অনলাইন ব্যবহার করুন:https://elibro.unach.elogim.com/es/lc/unach/titulos/95775
ট্যাগগুলো: ট্যাগ যুক্ত করুন
কোনো ট্যাগ নেই, প্রথমজন হিসাবে ট্যাগ করুন!

MARC

LEADER 00000nab a2200000 a 4500
001 ELB95775
003 FlNmELB
006 m o d |
007 cr cn|||||||||
008 201101r2006 ck |||||s|||||||||||spa d
022 |a 1657-9267 
035 |a (OCoLC)955431783 
040 |a FlNmELB  |b spa  |c FlNmELB 
050 4 |a BF121  |b Y49 2006 
080 |a 159.9 
082 0 4 |a 150  |2 22 
100 1 |a Yáñez Gallardo, Rodrigo. 
222 0 |a Universitas Psychologica 
245 1 0 |a Confianza y desconfianza:   |h [recurso electronico]  |b dos factores necesarios para el desarrollo de la confianza social. 
260 |a Bogotá (Colombia) :  |b Pontificia Universidad Javeriana,  |c 2006. 
300 |a 9-20 p. 
310 |a Cuatrimestral, 
362 0 |a Vol. 5, No. 1(2006)- 
533 |a Recurso electrónico. Santa Fe, Arg.: e-libro, 2015. Disponible vía World Wide Web. El acceso puede estar limitado para las bibliotecas afiliadas a e-libro. 
650 4 |a Psychology.  |v Periodicals.  |z Colombia. 
650 4 |a Psicología.  |v Publicaciones seriadas.  |z Colombia. 
650 4 |a Psicologia. 
655 4 |a Artículos electrónicos. 
700 1 |a Ahumada Figueroa, Luis. 
700 1 |a Cova Solar, Félix. 
710 2 |a e-libro, Corp. 
856 4 0 |u https://elibro.unach.elogim.com/es/lc/unach/titulos/95775